01482nab a22002777a 4500999001500000003000400015005001700019008004100036040000700077100003700084245019900121260007300320300001300393500003700406505013400443505016700577505008200744650002300826650003000849650003600879650002300915650004600938650005200984773015501036942001301191 c5556d5556OSt20251218075551.0190429b xxu||||| |||| 00| 0 spa d cPJ 96536aBarreix, María Carolina 10aReparación integral y transformadora en delitos contra la dignidad e integridad de personas con discapacidad :bdesafíos y perspectivas jurídicas en Argentina /cMaría Carolina Barreix. cCiudad Autónoma de Buenos Aires :aThomson Reuters La Ley, b2025. ap. 68-73 aCita: TR LALEY AR/DOC/408/2025  aSumario: I. Introducción.— II. Variaciones del tema.— III. Ley de Salud Mental y Acceso a la Justicia.— IV. Conclusión. aFallo comentado: TCrim. Nro. 1, Necochea ~ 29/04/2024 ~ H. R. R. R. Y M. E. s/ abuso sexual con acceso carnal agravado por la comisión de dos o más personas. tSi te interesa el texto completo, solicitalo a koha@justierradelfuego.gov.ar  09343aDERECHO PENAL 094077aREPARACION INTEGRAL 093271aPERSONAS CON DISCAPACIDAD 091272aSALUD MENTAL 092902aDELITOS CONTRA LA INTEGRIDAD SEXUAL 094467aABUSO SEXUAL CALIFICADO POR ACCESO CARNAL0 0265893164tRevista de derecho penal y criminología. Nº 3 - Abril 2025dCiudad Autónoma de Buenos Aires : Thomson Reuters La Ley, 2017-x00347914 2udccANA